Thai Foods #2 - Statistics

General Stats
  • This quiz has been taken 94 times
    16 since last reset
  • The average score is 11 of 30
Answer Stats
Description Answer % Correct
Fragrant rice named after a white flower {Jasmine} rice
86%
Grilled steak dish with a spicy dipping sauce Crying {tiger}
79%
Popular Asian banana dessert; known as 'Kluai khaek' in Thai {Fried} banana
71%
Colour of the creamy 'kaeng khiao wan' curry Green
71%
Famous energy drink inspired by the Thai 'Krating Daeng' (Hint: it gives you wings) Red Bull
64%
Thai version of congee (rice porridge) Chok
57%
Coconut milk, chicken and galangal soup Tom kha gai
57%
Spicy, sour salads with lime, fish sauce, chilli and shallots Yam
50%
'Khao man gai' is the Thai version of this Hainanese dish Hainanese chicken rice
43%
Tropical, aromatic 'grass' widely used in Southeast Asian cuisine Lemongrass
43%
Northern pork/beef and tomato noodle soup served with blood cake Nam ngiao
43%
General term for Thai chilli pastes Nam phrik
43%
Iced black coffee flavoured with brown sugar and spices Oliang
43%
Fermented fish and rice bran seasoning, similar to 'padaek' in Laos Pla ra
43%
Chilli, garlic, and vinegar sauce with a famous 'rooster' brand Sriracha
43%
Yellow-orange spice from India that is used to flavour many Thai dishes Turmeric
36%
Dessert of rice soaked in flower-scented ice water Khao chae
29%
Hot pot dish similar to Japanese 'sukiyaki' Suki
29%
Herb with an anise and liquorice flavour, very different to its Italian counterpart Thai {basil}
29%
'Pinched' egg yolk dessert Thong yip
29%
Coconut and rice flour dessert pancakes Khanom krok
21%
'Tod mun pla' are Thai _________, typically seasoned with red curry paste Fishcakes
14%
Lime variant whose leaves that are a staple of Thai curries {Kaffir} lime
14%
Staple rice noodles which are sometimes fermented Khanom chin
14%
Lao sausage made of pork and red curry paste Sai ua
14%
Sweet coconut milk spread Sangkhaya
14%
'Thapthim krop', or 'red rubies', is _____ _________ soaked in red syrup Water chestnuts
14%
Sour and spicy fish curry flavoured with tamarind Kaeng som
7%
Thai omelette seasoned with fish sauce and chilli; often served on rice Kai jeow
7%
Deep-fried dumplings that bear similarity to wontons Thung thong
7%
No matching quizzes found
Score Distribution
Percent of People with Each Score
Percentile by Number Answered
Your Score History
You have not taken this quiz since the last reset